Supplement to glossary of Indian medicinal plants (Record no. 39570)

MARC details
000 -LEADER
fixed length control field 00297nam a2200109Ia 4500
082 ## - DEWEY DECIMAL CLASSIFICATION NUMBER
Classification number 633.88(038)(540)
Item number GLO
100 ## - MAIN ENTRY--AUTHOR NAME
Personal name CHOPRA, R N
245 #0 - TITLE STATEMENT
Title Supplement to glossary of Indian medicinal plants
260 ## - PUBLICATION, DISTRIBUTION, ETC. (IMPRINT)
Place of publication New Delhi
Name of publisher CSIR
Year of publication 1969
942 ## - ADDED ENTRY ELEMENTS (KOHA)
Koha item type Books
Holdings
Withdrawn status Lost status Damaged status Not for loan Home library Current library Date acquired Full call number Accession Number Koha item type
        RRII Library RRII Library 16/12/2021 633.88(038)(540) GLO 19901 Books